000 00699nam a2200265Ia 4500
005 20260121170815.0
008 008 260114s9999 xx 000 0 eng d
020 _a9783030004798
037 _aEBOOK
040 _aCRL
040 _beng
040 _cCRL
041 _2eng
041 _aeng
084 _qCRL
100 _aTravis Gagie, Alistair Moffat, Gonzalo Navarro, Ernesto Cuadros-Vargas
_91068403
245 0 _aString Processing and Information Retrieval
260 _bSpringer
260 _bSpringer
260 _c2018
856 _uhttps://link.springer.com/openurl?genre=book&isbn=978-3-030-00479-8
942 _cEBOOK
999 _c1634133
_d1634133